Nom et Capitale du pays en fonction du drapeau. (Europe) - Statistiques

Statistiques générales
  • Ce quiz a été pris 37 fois
  • Le résultat moyen est 33 sur 45
Statistiques - réponses
Par images Réponse % Correct
France Paris
87%
Grèce Athènes
87%
Italie Rome
87%
Pologne Varsovie
87%
Allemagne Berlin
83%
Espagne Madrid
83%
Irlande Dublin
83%
Norvège Oslo
83%
Portugal Lisbonne
83%
Suède Stockholm
83%
Ukraine Kiev
83%
Belgique Bruxelles
80%
Danemark Copenhague
80%
Finlande Helsinki
80%
Hongrie Budapest
80%
Monaco Monaco
80%
Pays Bas Amsterdam
80%
République Tchèque Prague
80%
Royaume-Uni Londres
80%
Russie Moscou
80%
Suisse Berne
80%
Autriche Vienne
77%
Bulgarie Sofia
77%
Croatie Zagreb
77%
Luxembourg Luxembourg
77%
Roumanie Bucarest
77%
Vatican Vatican
77%
Biélorussie Minsk
73%
Andorre Andorre-la-Vieille
70%
Lettonie Riga
70%
Lituanie Vilnius
70%
Malte La Valette
70%
Saint-Marin Saint-Marin
70%
Bosnie-Herzégovine Sarajevo
67%
Albanie Tirana
63%
Estonie Tallinn
63%
Kosovo Pristina
63%
Islande Reykjavik
60%
Liechtenstein Vaduz
60%
Monténégro Podgorica
60%
Macédoine du Nord Skopje
57%
Moldavie Chișinău
57%
Serbie Belgrade
57%
Slovaquie Bratislava
57%
Slovénie Ljubljana
53%
Aucun quiz correspondant
Distribution des résultats
% des personnes avec chaque résultat
Percentile par nombre de réponses
Votre historique - résultats
Vous n’avez pas pris ce quiz